| 000 | 00595nam a2200193 4500 | ||
|---|---|---|---|
| 001 | 147966 | ||
| 003 | ES-MaACL | ||
| 005 | 20250901034335.0 | ||
| 007 | t| | ||
| 008 | 070214s1971 sp r ||||1| spa d | ||
| 100 | 0 |
_aStevenson, Robert Louis, _d1850-1894 _9108169 |
|
| 245 | 1 | 0 |
_aViajes con una burra / _cR. L. Stevenson ; [traducción de Angel Abad]. |
| 250 | _a[1ª ed.]. | ||
| 260 |
_aBarcelona : _bEdhasa, _c1971 ( _fTip. Ferrer Coll) |
||
| 300 |
_a139 p. ; _c19 cm. |
||
| 700 | 1 |
_aAbad, Ángel _917894 |
|
| 852 |
_aES-MaACL _jC-45935 _bR.78831 |
||
| 999 |
_c147966 _d147966 |
||